000 00331nam a22001337a 4500
008 240924b |||||||| |||| 00| 0 eng d
020 _a81-224-1490-7
100 _aD S Yadav
245 _aFoundations of Information Technology
260 _aNew Delhi
_bNew Age Pub.
_c2003
300 _a506
650 _aBB-CSE
942 _2ddc
_cBK
999 _c20919
_d20919